[Event "New York USA"]
[Site "?"]
[Date "2002.05.01"]
[Round "4"]
[White "Novikov Igor A"]
[Black "Shahade Gregory P"]
[Result "1-0"]
[WhiteElo "2685"]
[BlackElo "2550"]
[PlyCount "61"]
[EventDate "2002.??.??"]
[Source "www.chesslib.no"]
[SourceDate "2004.05.04"]

1. d4 Nf6 2. c4 g6 3. Nc3 d5 4. Nf3 Bg7 5. e3 O-O 6. Bd2 c5 7. dxc5 Na6 8. cxd5 Nxc5 9. Bc4 a6 10. b4 Nfe4 11. Rc1 Nxc3 12. Bxc3 Bxc3+ 13. Rxc3 Ne4 14. Rc1 Qd6 15. a3 a5 16. Qd4 Bf5 17. Bd3 Nf6 18. e4 Qf4 19. O-O Bg4 20. Qe3 Qxe3 21. fxe3 axb4 22. axb4 Rfc8 23. Ne5 Rxc1 24. Rxc1 Rc8 25. Rxc8+ Bxc8 26. Nc4 Nd7 27. Kf2 f6 28. Ke2 Kf7 29. Bc2 Ne5 30. Nb6 Bd7 31. Ba4 1-0

[Event "New York USA"]
[Site "?"]
[Date "2002.04.23"]
[Round "3"]
[White "Novikov Igor A"]
[Black "Shahade Gregory P"]
[Result "0-1"]
[WhiteElo "2685"]
[BlackElo "2550"]
[PlyCount "58"]
[EventDate "2002.??.??"]
[Source "www.chesslib.no"]
[SourceDate "2004.05.04"]

1. d4 Nf6 2. c4 g6 3. Nc3 d5 4. Nf3 Bg7 5. e3 O-O 6. Bd2 c5 7. dxc5 Na6 8. cxd5 Nxc5 9. Bc4 Bf5 10. O-O Rc8 11. Qe2 a6 12. b4 Nfe4 13. Nxe4 Nxe4 14. Rac1 Bb2 15. Rc2 Ng3 16. hxg3 Bxc2 17. e4 Qc7 18. Bb3 Bxb3 19. axb3 Qc2 20. Qe3 Bc3 21. g4 Bxd2 22. Nxd2 Qc3 23. Qh6 Qxb4 24. Nf3 f6 25. Re1 Rc3 26. Re3 Qxb3 27. Rxc3 Qxc3 28. e5 Rc8 29. Kh2 Qc1 0-1

[Event "XXXIV Camp. israeliano"]
[Site "Haifa ISR"]
[Date "2008.12.02"]
[Round "2"]
[White "Zilberman, Y."]
[Black "Roiz, M."]
[Result "1/2-1/2"]
[WhiteElo "2447"]
[BlackElo "2677"]
[PlyCount "85"]
[EventDate "2008.12.01"]
[Source "www.chesslib.no"]
[SourceDate "2004.05.04"]

1. d4 Nf6 2. c4 g6 3. Nc3 d5 4. Nf3 Bg7 5. e3 O-O 6. Bd2 e6 7. Rc1 Ne4 8. Bd3 Nxd2 9. Qxd2 dxc4 10. Bxc4 Qe7 11. O-O Rd8 12. Qe2 c5 13. Rfd1 Nc6 14. dxc5 Qxc5 15. Rxd8+ Nxd8 16. Rd1 Nc6 17. Ne4 Qe7 18. Qd2 Bd7 19. Nd6 Be8 20. Nxe8 Rxe8 21. Qe2 Rc8 22. Bb5 Nb4 23. a3 Nd5 24. g3 Rc5 25. Bc4 Nb6 26. Bb3 Qc7 27. Nd4 a6 28. h4 Nc4 29. Ba2 b5 30. b4 Rd5 31. a4 Qd6 32. axb5 axb5 33. Bxc4 bxc4 34. Rc1 Bxd4 35. exd4 Qxb4 36. Rxc4 Qb1+ 37. Kg2 Kg7 38. Rc5 Rd8 39. Qe5+ Kg8 40. h5 Qb7+ 41. Kg1 Qb1+ 42. Kg2 Qb7+ 43. Kg1 1/2-1/2

[Event "Lone Pine op"]
[Site "Lone Pine"]
[Date "1979.??.??"]
[Round "5"]
[White "Lombardy, William James"]
[Black "Hort, Vlastimil"]
[Result "1/2-1/2"]
[WhiteElo "2520"]
[BlackElo "2600"]
[PlyCount "35"]
[EventDate "1979.03.??"]
[Source "ChessBase"]

1. d4 Nf6 2. c4 g6 3. Nc3 d5 4. Nf3 Bg7 5. e3 O-O 6. Bd2 c6 7. Rc1 dxc4 8. Bxc4 Bg4 9. Qb3 Bxf3 10. gxf3 Qb6 11. Na4 Qxb3 12. Bxb3 Nbd7 13. f4 e6 14. Bd1 a5 15. Bf3 Nd5 16. Ke2 f5 17. b3 Rfc8 18. Rhg1 1/2-1/2

[Event "URS-JUG"]
[Site "Erevan ARM"]
[Date "1971.??.??"]
[Round "?"]
[White "Marovic, Drazen"]
[Black "Korchnoi, Viktor L"]
[Result "1/2-1/2"]
[WhiteElo "2460"]
[BlackElo "2660"]
[PlyCount "172"]
[EventDate "1971.??.??"]
[Source "www.chesslib.no"]
[SourceDate "2004.05.04"]

1. d4 Nf6 2. c4 g6 3. Nc3 d5 4. Nf3 Bg7 5. e3 O-O 6. Bd2 e6 7. Rc1 Ne4 8. Bd3 Nxd2 9. Qxd2 Nc6 10. cxd5 exd5 11. O-O Bg4 12. Be2 a6 13. Na4 Qd6 14. Nc5 Nd8 15. b4 Bc8 16. Rc3 b6 17. Nd3 f6 18. a4 Ne6 19. Qa2 a5 20. b5 Bb7 21. Rfc1 Rad8 22. Bd1 Kh8 23. Bb3 Rfe8 24. g3 Qd7 25. h4 Rc8 26. Rc6 Rcd8 27. R6c3 Ba8 28. Nfe1 Bh6 29. Ng2 Rc8 30. Bd1 c6 31. bxc6 Rxc6 32. Rxc6 Bxc6 33. Bg4 Bxa4 34. Ngf4 Bxf4 35. Nxf4 f5 36. Nxd5 Rb8 37. Bf3 Bb5 38. Qb2 Ba6 39. h5 Qb5 40. Qa2 Ng5 41. Bg2 Bb7 42. hxg6 Bxd5 43. Bxd5 hxg6 44. Rc7 a4 45. f4 Nh7 46. Bf3 Qe8 47. Kf2 Rc8 48. Rxc8 Qxc8 49. Qxa4 Nf6 50. Qc6 Qd8 51. Qe6 Kg7 52. d5 Qd7 53. Qxd7+ Nxd7 54. e4 fxe4 55. Bxe4 Kf6 56. Ke3 g5 57. fxg5+ Kxg5 58. Bf3 Ne5 59. Be2 Kf5 60. g4+ Kg5 61. Kd4 Nf7 62. Ke4 Kf6 63. Kf4 Ng5 64. Bf1 Nf7 65. Bc4 Ng5 66. d6 Nh3+ 67. Ke3 Ng5 68. Kd4 Ne6+ 69. Kd5 Nd8 70. Bd3 Nf7 71. Kc6 Kg5 72. Bf5 b5 73. Kd5 b4 74. d7 b3 75. Kc4 b2 76. Kc3 Kf6 77. Kxb2 Ke7 78. Kc3 Nd6 79. Be6 Nb7 80. Bd5 Nc5 81. d8=Q+ Kxd8 82. Kd4 Nd7 83. Be6 Nf6 84. g5 Ke7 85. Ke5 Nh7 86. g6 Kf8 1/2-1/2

[Event "RUS Cup final 5th"]
[Site "Kazan"]
[Date "2001.10.10"]
[Round "9"]
[White "Burmakin, Vladimir"]
[Black "Vorobiov, Evgeny E"]
[Result "1/2-1/2"]
[WhiteElo "2593"]
[BlackElo "2503"]
[PlyCount "45"]
[EventDate "2001.10.02"]
[Source "ChessBase"]
[SourceDate "2001.02.01"]

1. d4 Nf6 2. c4 g6 3. Nf3 Bg7 4. Nc3 d5 5. e3 O-O 6. Bd2 c5 7. dxc5 Na6 8. cxd5 Nxc5 9. Bc4 a6 10. a4 Bf5 11. O-O Rc8 12. Nd4 Be4 13. Ba2 Nxd5 14. Nxe4 Nxe4 15. Be1 e6 16. Qf3 Nc5 17. a5 Nd3 18. Bxd5 Nxe1 19. Rfxe1 exd5 20. Red1 Rc5 21. b4 Rc4 22. Rab1 Bxd4 23. Rxd4 1/2-1/2

[Event "San Francisco"]
[Site "San Francisco"]
[Date "1987.??.??"]
[Round "?"]
[White "Gurevich, Dmitry"]
[Black "Rohde, Michael A"]
[Result "1/2-1/2"]
[WhiteElo "2545"]
[BlackElo "2550"]
[PlyCount "178"]
[EventDate "1987.09.??"]
[Source "ChessBase"]

1. d4 Nf6 2. c4 g6 3. Nc3 d5 4. Nf3 Bg7 5. e3 O-O 6. Bd2 c5 7. dxc5 Na6 8. cxd5 Nxc5 9. Bc4 a6 10. b4 Nce4 11. Rc1 b5 12. Bb3 Bb7 13. O-O Qd6 14. Qc2 Nxd2 15. Qxd2 Qxb4 16. e4 Rac8 17. e5 Ng4 18. Qe1 Qf4 19. Ne2 Qe4 20. Ng3 Qxe1 21. Rfxe1 Rxc1 22. Rxc1 Rd8 23. d6 e6 24. Rc7 Bxf3 25. gxf3 Nxe5 26. f4 Nf3+ 27. Kg2 Nd4 28. d7 Kf8 29. Ne4 Ke7 30. Nc5 Nxb3 31. axb3 Bd4 32. Nxa6 Rxd7 33. Kf3 Rxc7 34. Nxc7 b4 35. Na6 Bc3 36. Nc5 f5 37. Ke3 Kd6 38. Na6 Kc6 39. Kd3 Kb6 40. Nb8 Kc7 41. Na6+ Kb6 42. Nb8 Kb5 43. h3 Bf6 44. Ke3 Be7 45. Nd7 Bd6 46. Kd4 h6 47. Ne5 Bc5+ 48. Kd3 Bxf2 49. Nxg6 Kc5 50. Ne5 Kd5 51. Nf7 h5 52. Ne5 Bb6 53. Nd7 Bd4 54. Nf8 Bc5 55. Nd7 Bd4 56. Nf8 Bg7 57. Ng6 Bf6 58. Nf8 Kd6 59. Ng6 Kd5 60. Nf8 Bg7 61. Ng6 Bb2 62. Ne7+ Kd6 63. Ng6 e5 64. fxe5+ Bxe5 65. Nh4 Ke6 66. Ke3 Bg3 67. Nf3 Kd5 68. Ng5 Be5 69. Nf3 Bb2 70. Kf4 Ke6 71. Ng5+ Kf6 72. Nh7+ Kg7 73. Ng5 Kg6 74. Nf3 Kf6 75. Ke3 Ke6 76. Ng5+ Kf6 77. Nf3 Be5 78. Nh4 Ke6 79. Nf3 Kf6 80. Nh4 Bb8 81. Nf3 Ba7+ 82. Kf4 Bf2 83. Nd2 Bc5 84. Nf3 Bf8 85. Ke3 Bh6+ 86. Kd3 Ke6 87. Nd4+ Kf6 88. Nf3 Bc1 89. Ke2 Bh6 1/2-1/2

[Event "DSV-Turnier+"]
[Site "Leipzig GER"]
[Date "1977.??.??"]
[Round "5"]
[White "Malich, Burkhard"]
[Black "Uhlmann, Wolfgang"]
[Result "1/2-1/2"]
[WhiteElo "2535"]
[BlackElo "2555"]
[PlyCount "26"]
[EventDate "1977.12.01"]
[Source "www.chesslib.no"]
[SourceDate "2004.05.04"]

1. Nf3 Nf6 2. d4 g6 3. c4 Bg7 4. Nc3 d5 5. e3 O-O 6. Bd2 e6 7. Be2 b6 8. O-O Bb7 9. cxd5 exd5 10. b4 c6 11. Qb3 Nbd7 12. Rfc1 Re8 13. a4 a5 1/2-1/2

[Event "Tbilisi"]
[Site "?"]
[Date "1986.??.??"]
[Round "?"]
[White "Ubilava, E."]
[Black "Romanishin, O."]
[Result "1/2-1/2"]
[WhiteElo "2515"]
[BlackElo "2560"]
[PlyCount "80"]
[EventDate "1986.??.??"]
[Source "ChessBase"]
[SourceDate "1986.07.01"]

1. d4 Nf6 2. c4 g6 3. Nc3 d5 4. Nf3 Bg7 5. e3 O-O 6. Bd2 c5 7. dxc5 Na6 8. cxd5 Nxc5 9. Bc4 a6 10. a4 Bg4 11. O-O Rc8 12. h3 Bd7 13. Qe2 Nfe4 14. Nxe4 Nxe4 15. Ra2 Nxd2 16. Nxd2 Qa5 17. b4 Qb6 18. Rb1 Rfd8 19. a5 Qc7 20. Bd3 e6 21. Nc4 exd5 22. Nb6 Rb8 23. Nxd5 Qe5 24. e4 Bc6 25. Bc4 Kh8 26. Re1 f5 27. f3 Re8 28. Qf2 Qd6 29. Kh1 fxe4 30. fxe4 Bxd5 31. Bxd5 Qxb4 32. Rf1 Rf8 33. Qe2 Rxf1+ 34. Qxf1 Rf8 35. Rf2 Rxf2 36. Qxf2 Qxa5 37. Bxb7 Qa1+ 38. Kh2 Qe5+ 39. g3 a5 40. h4 Qb2 1/2-1/2

[Event "Platja d'Aro Barcino"]
[Site "Platja d'Aro"]
[Date "1994.??.??"]
[Round "?"]
[White "Comas Fabrego, Luis"]
[Black "Dorfman, Josif D"]
[Result "1/2-1/2"]
[WhiteElo "2500"]
[BlackElo "2570"]
[PlyCount "30"]
[EventDate "1994.10.??"]
[Source "www.chesslib.no"]
[SourceDate "2004.05.04"]

1. d4 Nf6 2. c4 g6 3. Nc3 d5 4. Nf3 Bg7 5. e3 O-O 6. Bd2 c6 7. Rc1 Ne4 8. Be2 Nxd2 9. Qxd2 e6 10. O-O Nd7 11. Rfd1 Qe7 12. cxd5 exd5 13. Na4 Nf6 14. Nc5 Ne4 15. Nxe4 dxe4 1/2-1/2

[Event "Skopje"]
[Site "Skopje"]
[Date "1976.??.??"]
[Round "5"]
[White "Ivkov, Borislav"]
[Black "Timman, Jan H"]
[Result "1/2-1/2"]
[WhiteElo "2520"]
[BlackElo "2550"]
[PlyCount "69"]
[EventDate "1976.03.??"]
[Source "ChessBase"]

1. d4 Nf6 2. c4 g6 3. Nc3 d5 4. Nf3 Bg7 5. e3 O-O 6. Bd2 c5 7. dxc5 Na6 8. cxd5 Nxc5 9. Bc4 a6 10. a4 Bf5 11. O-O Rc8 12. Qe2 Nfe4 13. Nd4 Nxd2 14. Qxd2 Ne4 15. Qe2 Nxc3 16. bxc3 Be4 17. Rad1 Bxd5 18. Nf5 Bxc4 19. Rxd8 Rfxd8 20. Nxe7+ Kf8 21. Qf3 Rc7 22. Nxg6+ hxg6 23. Rd1 Rcd7 24. Rxd7 Rxd7 25. h4 Bxc3 26. h5 gxh5 27. Qxh5 Rd5 28. Qg4 b5 29. Qc8+ Kg7 30. Qg4+ Kf6 31. e4 Rd3 32. Qf5+ Ke7 33. Qc5+ Kf6 34. Qf5+ Ke7 35. Qc5+ 1/2-1/2

[Event "Lone Pine op"]
[Site "Lone Pine"]
[Date "1979.??.??"]
[Round "8"]
[White "Lombardy, William James"]
[Black "Gheorghiu, Florin"]
[Result "1/2-1/2"]
[WhiteElo "2520"]
[BlackElo "2540"]
[PlyCount "39"]
[EventDate "1979.03.??"]
[Source "ChessBase"]

1. d4 Nf6 2. c4 g6 3. Nc3 d5 4. Nf3 Bg7 5. e3 O-O 6. Bd2 c5 7. dxc5 Na6 8. cxd5 Nxc5 9. Bc4 a6 10. a4 Bf5 11. O-O Rc8 12. Nd4 Be4 13. Qe2 Nxd5 14. Rfd1 Nxc3 15. Bxc3 Qc7 16. f3 Bc6 17. Nxc6 Qxc6 18. Bxg7 Kxg7 19. a5 Rfd8 20. Rxd8 1/2-1/2

[Event "XXIV Open"]
[Site "Cappelle La Grande FRA"]
[Date "2008.02.18"]
[Round "3"]
[White "Zilberman, Y."]
[Black "Kazhgaleyev, M."]
[Result "0-1"]
[WhiteElo "2463"]
[BlackElo "2594"]
[PlyCount "76"]
[EventDate "2008.02.16"]
[Source "www.chesslib.no"]
[SourceDate "2004.05.04"]

1. d4 Nf6 2. Nf3 g6 3. c4 Bg7 4. Nc3 d5 5. e3 O-O 6. Bd2 c5 7. dxc5 Na6 8. cxd5 Nxc5 9. Bc4 a6 10. a4 Nfe4 11. O-O Qb6 12. Ra2 Bg4 13. h3 Bxf3 14. gxf3 Nxd2 15. Qxd2 Qb4 16. Be2 Qh4 17. Kg2 Rfd8 18. f4 e5 19. fxe5 Bxe5 20. Bf3 Ne6 21. Ne2 Ng5 22. Ng1 Qc4 23. b3 Qxb3 24. e4 Ne6 25. Qc2 Nf4+ 26. Kh1 Qb6 27. Rb1 Qf6 28. Bg2 Rac8 29. Qd1 Rc3 30. Rxb7 Nxd5 31. Ne2 Nf4 32. Nxc3 Rxd1+ 33. Nxd1 Qg5 34. Bf1 Nxh3 35. Bxh3 Qf4 36. Kg1 Qh2+ 37. Kf1 Qh1+ 38. Ke2 Qxe4+ 0-1

[Event "IBM"]
[Site "Amsterdam"]
[Date "1974.??.??"]
[Round "13"]
[White "Lombardy, William James"]
[Black "Jansa, Vlastimil"]
[Result "1/2-1/2"]
[WhiteElo "2520"]
[BlackElo "2535"]
[PlyCount "40"]
[EventDate "1974.??.??"]
[Source "ChessBase"]

1. d4 Nf6 2. c4 g6 3. Nc3 d5 4. Nf3 Bg7 5. e3 O-O 6. Bd2 c5 7. dxc5 Na6 8. cxd5 Nxc5 9. Bc4 a6 10. a4 Bf5 11. O-O Rc8 12. Nd4 Bd3 13. Bxd3 Nxd3 14. Qb3 Nc5 15. Qa2 Nce4 16. Nxe4 Nxe4 17. Bb4 a5 18. Ba3 Bxd4 19. exd4 Qd7 20. Rfe1 Nxf2 1/2-1/2

[Event "Corr"]
[Site "?"]
[Date "1999.??.??"]
[Round "?"]
[White "Nizynski Maciej"]
[Black "Dos Reis Luis Simoes"]
[Result "1/2-1/2"]
[WhiteElo "2618"]
[BlackElo "2432"]
[PlyCount "76"]
[EventDate "1999.??.??"]
[Source "www.chesslib.no"]
[SourceDate "2004.05.04"]

1. e3 g6 2. c4 Bg7 3. d4 Nf6 4. Nc3 O-O 5. Nf3 d5 6. Bd2 c5 7. dxc5 Na6 8. cxd5 Nxc5 9. Bc4 a6 10. O-O b5 11. Be2 Bb7 12. Rc1 Rc8 13. b4 Nce4 14. Qb3 Nxd2 15. Nxd2 Nxd5 16. Nce4 Nc3 17. Nxc3 Bxc3 18. Rfd1 Bg7 19. Bf3 Bxf3 20. Nxf3 Qb6 21. Ng5 e6 22. Ne4 Rxc1 23. Rxc1 Rd8 24. h3 h6 25. Rd1 a5 26. Rxd8+ Qxd8 27. bxa5 Qxa5 28. g4 Qa8 29. f3 Qc6 30. Kf2 Kh7 31. h4 f5 32. Ng3 fxg4 33. fxg4 Be5 34. Qd3 Qc7 35. Ne4 Kg7 36. Qxb5 Qc2+ 37. Kf3 Qd1+ 38. Kf2 Qc2+ 1/2-1/2

[Event "6th United Insurance"]
[Site "Dhaka"]
[Date "2003.03.18"]
[Round "11"]
[White "Barsov, Alexei"]
[Black "Goloshchapov, Alexander"]
[Result "1-0"]
[WhiteElo "2525"]
[BlackElo "2523"]
[PlyCount "67"]
[EventDate "2003.03.08"]
[Source "Roberto Alvarez"]
[SourceDate "2003.03.17"]

1. d4 Nf6 2. c4 g6 3. Nc3 d5 4. Nf3 Bg7 5. e3 O-O 6. Bd2 e6 7. cxd5 exd5 8. Bd3 a5 9. O-O Re8 10. Qc2 b6 11. Rac1 Ba6 12. Rfd1 Bxd3 13. Qxd3 c6 14. Ne5 Re6 15. Be1 Nbd7 16. f4 Qc7 17. Bg3 Qb7 18. f5 gxf5 19. Qxf5 Nf8 20. Rf1 Ne8 21. Qg4 Nd6 22. Ne2 Rc8 23. Nf4 f5 24. Qf3 Rh6 25. Nh5 Bh8 26. Bf4 Re6 27. g4 Ng6 28. Kh1 c5 29. gxf5 Nxf5 30. Qh3 Rf8 31. Bh6 Rxe5 32. Bxf8 Re8 33. Qxf5 cxd4 34. Bd6 1-0

[Event "Liberation tourn"]
[Site "Zagreb CRO"]
[Date "1971.??.??"]
[Round "8"]
[White "Marovic, Drazen"]
[Black "Tukmakov, Vladimir B"]
[Result "1/2-1/2"]
[WhiteElo "2460"]
[BlackElo "2580"]
[PlyCount "43"]
[EventDate "1971.04.??"]
[Source "www.chesslib.no"]
[SourceDate "2004.05.04"]

1. d4 Nf6 2. c4 g6 3. Nc3 d5 4. Nf3 Bg7 5. e3 O-O 6. Bd2 c5 7. dxc5 Na6 8. cxd5 Nxc5 9. Bc4 a6 10. b4 Nce4 11. Rc1 b5 12. Bb3 Bb7 13. O-O Qd6 14. a3 Rfd8 15. Qc2 Nxd2 16. Nxd2 Nxd5 17. Nde4 Qe5 18. Nxd5 Bxd5 19. Bxd5 Rxd5 20. Rfd1 Rad8 21. Rxd5 Qxd5 22. g3 1/2-1/2

[Event "Tungsram"]
[Site "Budapest"]
[Date "1978.??.??"]
[Round "?"]
[White "Malich, Burkhard"]
[Black "Jansa, Vlastimil"]
[Result "1/2-1/2"]
[WhiteElo "2535"]
[BlackElo "2505"]
[PlyCount "46"]
[EventDate "1978.08.??"]
[Source "ChessBase"]

1. d4 Nf6 2. c4 g6 3. Nc3 d5 4. Nf3 Bg7 5. e3 O-O 6. Bd2 c5 7. dxc5 Na6 8. cxd5 Nxc5 9. Bc4 a6 10. a4 Bf5 11. O-O Rc8 12. Qe2 Nfe4 13. Nxe4 Bxe4 14. Rfd1 Bc2 15. Re1 Nxa4 16. Bc1 b5 17. Bd3 Bxd3 18. Qxd3 Qd6 19. e4 e6 20. e5 Qxd5 21. Qxd5 exd5 22. b3 Nc5 23. Ra3 Rfe8 1/2-1/2

[Event "Lvov Int"]
[Site "Lvov UKR"]
[Date "1986.??.??"]
[Round "?"]
[White "Novikov, Igor A"]
[Black "Lputian, Smbat G"]
[Result "1/2-1/2"]
[WhiteElo "2490"]
[BlackElo "2545"]
[PlyCount "27"]
[EventDate "1986.02.??"]
[Source "www.chesslib.no"]
[SourceDate "2004.05.04"]

1. d4 Nf6 2. c4 g6 3. Nc3 d5 4. Nf3 Bg7 5. e3 O-O 6. Bd2 e6 7. Rc1 c6 8. Bd3 Na6 9. O-O c5 10. a3 dxc4 11. Bxc4 b6 12. Qe2 cxd4 13. Bxa6 dxc3 14. Bxc3 1/2-1/2

[Event "Zagreb zt"]
[Site "Zagreb"]
[Date "1993.??.??"]
[Round "12"]
[White "Kovacevic, Vlatko"]
[Black "Kozul, Zdenko"]
[Result "0-1"]
[WhiteElo "2485"]
[BlackElo "2550"]
[PlyCount "68"]
[EventDate "1993.03.??"]
[Source "ChessBase"]

1. d4 g6 2. Nf3 Bg7 3. c4 Nf6 4. Nc3 d5 5. e3 O-O 6. Bd2 e6 7. b4 Nbd7 8. cxd5 exd5 9. Be2 c6 10. O-O b6 11. Qb3 Bb7 12. Rfd1 Re8 13. Be1 Qc7 14. a4 Rad8 15. a5 b5 16. Nd2 Nf8 17. Qc2 a6 18. Nb3 h5 19. Nc5 Bc8 20. Rac1 Ng4 21. g3 Nh7 22. Nxa6 Bxa6 23. Nxb5 Qb8 24. Qxc6 Re6 25. Qc7 Bxb5 26. Bxb5 Qxb5 27. Qxd8+ Bf8 28. h3 Ngf6 29. Kg2 Kg7 30. Qc7 Ng5 31. Qc2 Nxh3 32. f4 Rxe3 33. Kxh3 Re2 34. Qc6 Ng4 0-1

[Event "HUN-ch"]
[Site "HUN"]
[Date "1974.??.??"]
[Round "?"]
[White "Ribli, Zoltan"]
[Black "Sax, Gyula"]
[Result "1/2-1/2"]
[WhiteElo "2525"]
[BlackElo "2505"]
[PlyCount "44"]
[EventDate "1974.??.??"]
[Source "ChessBase"]

1. d4 g6 2. c4 Nf6 3. Nc3 d5 4. Nf3 Bg7 5. e3 O-O 6. Bd2 c5 7. dxc5 Na6 8. cxd5 Nxc5 9. Bc4 a6 10. b4 Nce4 11. Rc1 Bg4 12. Nxe4 Nxe4 13. O-O e6 14. dxe6 Bxf3 15. gxf3 Nxd2 16. e7 Qxe7 17. Qxd2 Rad8 18. Qe1 Rd6 19. Bb3 Qh4 20. Rc4 Qh3 21. Qe2 Be5 22. f4 Rd2 1/2-1/2

[Event "Cappelle op 18th"]
[Site "Cappelle la Grande"]
[Date "2002.02.16"]
[Round "8"]
[White "Burmakin, Vladimir"]
[Black "Kalod, Radek"]
[Result "1/2-1/2"]
[WhiteElo "2564"]
[BlackElo "2462"]
[PlyCount "84"]
[EventDate "2002.02.09"]
[Source "ChessBase"]
[SourceDate "2002.03.14"]

1. d4 Nf6 2. Nf3 g6 3. c4 Bg7 4. Nc3 d5 5. e3 O-O 6. Bd2 b6 7. cxd5 Nxd5 8. Bc4 Bb7 9. Qb3 e6 10. O-O Nd7 11. Rfd1 Nxc3 12. Bxc3 Qe7 13. Rac1 Rfd8 14. Be2 a5 15. Nd2 e5 16. Bf3 Bxf3 17. Nxf3 e4 18. Nd2 Nf6 19. Qc2 Rd7 20. Re1 Re8 21. Nf1 Nd5 22. Bd2 Rd6 23. Ng3 h5 24. h3 Qe6 25. a3 Kh7 26. Ne2 Rc8 27. Nc3 Nxc3 28. Bxc3 c5 29. dxc5 Rxc5 30. Ra1 Rd1 31. Qxd1 Bf8 32. Bg7 Bxg7 33. Qb3 Rc1 34. Raxc1 Qe7 35. Qc2 Qe6 36. Qb1 Qf5 37. Rf1 Qe6 38. Rc2 Bxb2 39. Rc3 Bc1 40. Rfxc1 Qf5 41. Rf1 Qe6 42. Kh2 Qd6+ 1/2-1/2

[Event "CSR-ch"]
[Site "Brno"]
[Date "1975.??.??"]
[Round "15"]
[White "Taimanov, Mark E"]
[Black "Spiridonov, Nikola"]
[Result "1-0"]
[WhiteElo "2580"]
[BlackElo "2440"]
[PlyCount "141"]
[EventDate "1975.??.??"]
[Source "ChessBase"]

1. d4 Nf6 2. c4 g6 3. Nc3 d5 4. Nf3 Bg7 5. e3 O-O 6. Bd2 c5 7. dxc5 Na6 8. cxd5 Nxc5 9. Bc4 Bf5 10. Qe2 Nfe4 11. O-O Rc8 12. Nxe4 Bxe4 13. Rad1 Bxd5 14. Bc3 Bxc4 15. Qxc4 Qb6 16. Bxg7 Kxg7 17. Rd2 Nd7 18. Qe4 Nf6 19. Qxe7 Rfe8 20. Qa3 Rc5 21. b4 Rc4 22. Rd4 Re4 23. Rb1 a5 24. Qxa5 Qxa5 25. bxa5 Rexd4 26. exd4 Ra4 27. Rxb7 Rxa2 28. h3 Ra1+ 29. Kh2 Rxa5 30. Ne5 Ne4 31. Rxf7+ Kg8 32. f3 Nd6 33. Rd7 Nf5 34. Ng4 h5 35. Ne5 g5 36. Nc6 Ra6 37. Ne7+ Nxe7 38. Rxe7 g4 39. fxg4 hxg4 40. h4 Ra3 41. Re4 g3+ 42. Kh3 Rd3 43. Rg4+ Kh7 44. Rxg3 Rxd4 45. Ra3 Rd6 46. g4 Rb6 47. h5 Kh6 48. Kh4 Rb4 49. Ra6+ Kh7 50. h6 Rb1 51. Kh5 Rb7 52. g5 Rb5 53. Ra7+ Kg8 54. Re7 Ra5 55. Kg6 Ra6+ 56. Kf5 Ra1 57. Kf6 Rf1+ 58. Kg6 Rf8 59. Kh5 Rf1 60. g6 Rh1+ 61. Kg5 Rg1+ 62. Kf6 Rf1+ 63. Ke6 Re1+ 64. Kd6 Rd1+ 65. Kc5 Rc1+ 66. Kd4 Rd1+ 67. Kc3 Rd8 68. Kc4 Ra8 69. Rd7 Ra4+ 70. Kb5 Ra8 71. Kb6 1-0

[Event "United States of America"]
[Site "United States of America"]
[Date "1991.??.??"]
[Round "?"]
[White "Orlov, Georgy"]
[Black "Wolff, Patrick G"]
[Result "1/2-1/2"]
[WhiteElo "2500"]
[BlackElo "2520"]
[PlyCount "75"]
[EventDate "1991.??.??"]
[Source "www.chesslib.no"]
[SourceDate "2004.05.04"]

1. d4 Nf6 2. c4 g6 3. Nc3 d5 4. Nf3 Bg7 5. e3 O-O 6. Bd2 c5 7. dxc5 Na6 8. cxd5 Nxc5 9. Bc4 a6 10. a4 Bf5 11. O-O Nfe4 12. Nxe4 Bxe4 13. Bb4 Rc8 14. Ba3 Qd7 15. Ng5 Bf5 16. Qe2 Bf6 17. Nf3 Nxa4 18. e4 Bg4 19. Bb3 Bxf3 20. Qxf3 Nxb2 21. d6 Nc4 22. Bxc4 Rxc4 23. Rad1 Qe6 24. e5 Bxe5 25. dxe7 Re8 26. Rd8 Rc8 27. Rfd1 Kg7 28. Qxb7 Rb8 29. Qa7 Qb3 30. f4 Qxa3 31. fxe5 Rbxd8 32. exd8=Q Rxd8 33. Rxd8 Qc1+ 34. Kf2 Qf4+ 35. Ke2 Qg4+ 36. Kf1 Qc4+ 37. Kg1 Qc1+ 38. Kf2 1/2-1/2

[Event "Hillerod Politiken"]
[Site "Hillerod"]
[Date "1995.??.??"]
[Round "6"]
[White "Gausel, Einar"]
[Black "Jansa, Vlastimil"]
[Result "0-1"]
[WhiteElo "2490"]
[BlackElo "2525"]
[PlyCount "91"]
[EventDate "1995.??.??"]
[Source "ChessBase"]

1. c4 g6 2. d4 Nf6 3. Nc3 d5 4. Nf3 Bg7 5. e3 O-O 6. Bd2 c5 7. dxc5 Na6 8. cxd5 Nxc5 9. Bc4 a6 10. a4 Bf5 11. O-O Rc8 12. Qe2 Nfe4 13. h3 Nd6 14. e4 Ncxe4 15. Ba2 Nxc3 16. Bxc3 Bxc3 17. bxc3 Rxc3 18. Qd2 Ne4 19. Qh6 Nf6 20. Ng5 Qd6 21. Rad1 Rfc8 22. Rfe1 Rd3 23. Rxd3 Bxd3 24. Qh4 Bf5 25. Qd4 Qa3 26. Qe5 Rc1 27. Kh2 Rxe1 28. Qxe1 h6 29. Nf3 Qxa2 30. Qxe7 Kg7 31. Qxb7 Qxd5 32. Qxa6 Be4 33. Ne1 Qe5+ 34. g3 Qd4 35. Qe2 Qxa4 36. g4 Qc6 37. f3 Qd6+ 38. Kg2 Bc6 39. Qb2 Qf4 40. Qc2 Bb7 41. Qb2 Ba8 42. Qa2 Bd5 43. Qb2 Qe3 44. h4 g5 45. hxg5 hxg5 46. Qb4 0-1

[Event "San Francisco"]
[Site "San Francisco"]
[Date "1987.??.??"]
[Round "?"]
[White "Rohde, Michael A"]
[Black "Djuric, Stefan"]
[Result "1/2-1/2"]
[WhiteElo "2550"]
[BlackElo "2455"]
[PlyCount "120"]
[EventDate "1987.09.??"]
[Source "ChessBase"]

1. d4 Nf6 2. c4 g6 3. Nc3 d5 4. Nf3 Bg7 5. e3 O-O 6. Bd2 c5 7. dxc5 Na6 8. cxd5 Nxc5 9. Bc4 Bf5 10. O-O Rc8 11. Qe2 Nfe4 12. Rac1 Nd6 13. e4 Ncxe4 14. Nxe4 Bxe4 15. b3 b5 16. Bxb5 Bxd5 17. Ba6 Rxc1 18. Rxc1 Qb6 19. Ne5 Qd4 20. Nd7 Re8 21. Bc3 Qf4 22. Qd2 Qxd2 23. Bxd2 Ne4 24. Be1 Rd8 25. Nc5 Bh6 26. Rc2 Rd6 27. Bb5 Rb6 28. Bd3 Nxc5 29. Rxc5 Rd6 30. Bb5 Bb7 31. Kf1 Rd1 32. Ke2 Ra1 33. a4 Ra2+ 34. Kf1 Bf4 35. a5 Ra1 36. Ke2 Rb1 37. a6 Bxg2 38. Rc8+ Kg7 39. Bc3+ Kh6 40. Bc4 e6 41. Bd4 e5 42. Bxa7 Ra1 43. Bc5 Ra2+ 44. Kd3 Bh3 45. b4 Ra3+ 46. Kc2 Bxc8 47. b5 Ra1 48. Kb2 Rc1 49. Bf8+ Kg5 50. Bd5 Rc7 51. b6 Bxa6 52. bxc7 e4 53. Be7+ Kf5 54. Bd8 Bxh2 55. Bxf7 h5 56. Kc3 Bg1 57. Bh4 Bc8 58. Bg3 Kg4 59. Bxg6 e3 60. Bxh5+ Kxh5 1/2-1/2

[Event "TCh-BIH"]
[Site "Neum"]
[Date "2003.08.24"]
[Round "3"]
[White "Kovacevic, Blazimir"]
[Black "Ruck, Robert"]
[Result "0-1"]
[WhiteElo "2454"]
[BlackElo "2550"]
[PlyCount "92"]
[EventDate "2003.08.23"]
[Source "Roberto Alvarez"]
[SourceDate "2003.09.15"]

1. d4 Nf6 2. Nf3 g6 3. c4 Bg7 4. Nc3 d5 5. e3 O-O 6. Bd2 c5 7. dxc5 Na6 8. cxd5 Nxc5 9. Bc4 a6 10. b4 Nce4 11. Rc1 b5 12. Bb3 Bb7 13. O-O Qd6 14. Nxe4 Nxe4 15. Qc2 Bxd5 16. Rfd1 Bxb3 17. Qxb3 Rac8 18. Be1 Rxc1 19. Rxc1 Rd8 20. a4 Bf6 21. axb5 axb5 22. Qc2 Qd5 23. Qc6 Qd3 24. Qc2 Kg7 25. Qxd3 Rxd3 26. Rb1 h5 27. h3 g5 28. g4 Kg6 29. Kf1 e6 30. Ke2 Ra3 31. Rc1 hxg4 32. hxg4 Rb3 33. Rc6 Bc3 34. Bxc3 Nxc3+ 35. Kf1 Ne4 36. Ne5+ Kf6 37. Nd7+ Ke7 38. Rc7 Kd6 39. Rb7 Rxb4 40. Nf8 Nc5 41. Rxf7 Rxg4 42. f3 Rc4 43. Nh7 b4 44. Nf6 b3 45. Ne8+ Kc6 46. Re7 Kb6 0-1

[Event "Lvov Int"]
[Site "Lvov UKR"]
[Date "1986.??.??"]
[Round "?"]
[White "Novikov, Igor A"]
[Black "Mikhalchishin, Adrian B"]
[Result "1/2-1/2"]
[WhiteElo "2490"]
[BlackElo "2510"]
[PlyCount "48"]
[EventDate "1986.02.??"]
[Source "www.chesslib.no"]
[SourceDate "2004.05.04"]

1. d4 Nf6 2. c4 g6 3. Nc3 d5 4. Nf3 Bg7 5. e3 O-O 6. Bd2 c6 7. Bd3 Bg4 8. cxd5 Nxd5 9. Nxd5 cxd5 10. h3 Bxf3 11. Qxf3 Nc6 12. O-O Rc8 13. Qe2 Qb6 14. Bc3 e5 15. dxe5 Bxe5 16. Bxe5 Nxe5 17. Rad1 Rc5 18. Bb1 Rfc8 19. Rd4 Rc1 20. Rxd5 Rxf1+ 21. Kxf1 Rc1+ 22. Rd1 Rxd1+ 23. Qxd1 Qxb2 24. Qb3 Qd2 1/2-1/2